Tratado de Libre Comercio entre Centroamérica y Estados Unidos: principales resultados y logros /
Se presenta el acceso de algunos productos agrícolas costarricenses al mercado Estadounidense, además se hace un breve recuento sobre el estado del acceso al mercado para el sector industrial, seguros, comercio electrónico, propiedad intelectual, medio ambiente, entre otros
Spremljeno u:
| Autor kompanije: | |
|---|---|
| Format: | Tekst |
| Jezik: | Spanish |
| Izdano: |
San José:
COMEX
|
| Teme: | |
| Oznake: |
Dodaj oznaku
Bez oznaka, Budi prvi tko označuje ovaj zapis!
|
MARC
| LEADER | 00000 a a2200000 04500 | ||
|---|---|---|---|
| 001 | 35394 | ||
| 003 | CRAI/IIS | ||
| 005 | 20210521104603.0 | ||
| 008 | 210521b |||||||| |||| 00| 0 spa d | ||
| 040 | |a Centro de Recursos para el Aprendizaje y la Investigación |b Español |c CRAI/IIS | ||
| 090 | |a 09.05.01 C8375t vol. 8 | ||
| 110 | |a Costa Rica. Ministerio de Comercio Exterior | ||
| 245 | |a Tratado de Libre Comercio entre Centroamérica y Estados Unidos: |b principales resultados y logros / |c Costa Rica. Ministerio de Comercio Exterior | ||
| 260 | |a San José: |b COMEX | ||
| 300 | |a 11 p.; v. 8 | ||
| 500 | |a Colección Centroamérica | ||
| 520 | |a Se presenta el acceso de algunos productos agrícolas costarricenses al mercado Estadounidense, además se hace un breve recuento sobre el estado del acceso al mercado para el sector industrial, seguros, comercio electrónico, propiedad intelectual, medio ambiente, entre otros | ||
| 650 | |a TLC | ||
| 650 | |a COMERCIO EXTERIOR | ||
| 650 | |a AMERICA CENTRAL | ||
| 650 | |a COSTA RICA | ||
| 852 | 1 | 1 | |a 09.05.01 C8375t vol. 8 |
| 942 | |2 ddc |c LI |h 09.05.01 C8375t vol. 8 |k 09.05.01 |m C8375t vol. 8 |6 090501_C8375T_VOL_8 | ||
| 999 | |c 8602 |d 8602 | ||
